| 000 | 00508nam a2200205Ia 4500 | ||
|---|---|---|---|
| 003 | GCL | ||
| 005 | 20240530100622.0 | ||
| 008 | 140319s9999 xx 000 0 eng d | ||
| 040 |
_aGCL / _cGCL |
||
| 082 | 0 | 4 |
_a759 _bC C \\=aCAHN, ISABELLEv |
| 100 | _aCAHN, ISABELLE | ||
| 245 | 1 | 0 |
_aCEZANNE _cCAHN, ISABELLE |
| 260 |
_a[S.N] : _bEDITIONS DU MONTPARMOSSE |
||
| 300 | _a99 PP | ||
| 650 | 0 | 4 | _aCEZANNE, PAUL 1839 - 1906 |
| 650 | 0 | 4 | _aARTS |
| 650 | 0 | 4 | _aPAINTING |
| 650 | 0 | 4 | _aPAINTERS |
| 942 |
_2ddc _cBK |
||
| 999 |
_c18978 _d18978 |
||